Shōnenhō / (Record no. 35257)

MARC details
000 -LEADER
fixed length control field 01025cam a2200301 a 4500
001 - CONTROL NUMBER
control field j 68005080
003 - CONTROL NUMBER IDENTIFIER
control field DLC
005 - DATE AND TIME OF LATEST TRANSACTION
control field 20260227111523.0
008 - FIXED-LENGTH DATA ELEMENTS--GENERAL INFORMATION
fixed length control field 091113s1956 ja 000 0 jpn
010 ## - LIBRARY OF CONGRESS CONTROL NUMBER
LC control number j 68005080
Canceled/invalid LC control number 2009289159
040 ## - CATALOGING SOURCE
Original cataloging agency DLC
Transcribing agency DLC
Modifying agency DLC
043 ## - GEOGRAPHIC AREA CODE
Geographic area code a-ja---
050 00 - LIBRARY OF CONGRESS CALL NUMBER
Classification number KNX4720
Item number .D36 1956
066 ## - CHARACTER SETS PRESENT
Alternate G0 or G1 character set $1
100 1# - MAIN ENTRY--PERSONAL NAME
Linkage 880-01
Personal name Dandō, Shigemitsu,
Dates associated with a name 1913-2012.
245 10 - TITLE STATEMENT
Linkage 880-02
Title Shōnenhō /
Statement of responsibility, etc. Dandō Shigemitsu ... [et al.].
250 ## - EDITION STATEMENT
Linkage 880-03
Edition statement Shohan.
260 ## - PUBLICATION, DISTRIBUTION, ETC.
Linkage 880-04
Place of publication, distribution, etc. Tōkyō :
Name of publisher, distributor, etc. Yūhikaku,
Date of publication, distribution, etc. Shōwa 31 [1956]
300 ## - PHYSICAL DESCRIPTION
Extent 6, 407, 10, 2 p. ;
Dimensions 16 cm.
490 0# - SERIES STATEMENT
Linkage 880-05
Series statement Poketto chūshaku zensho ;
Volume/sequential designation 5
650 #0 - SUBJECT ADDED ENTRY--TOPICAL TERM
Topical term or geographic name entry element Children
General subdivision Legal status, laws, etc.
Geographic subdivision Japan.
650 #0 - SUBJECT ADDED ENTRY--TOPICAL TERM
Topical term or geographic name entry element Juvenile delinquency
Geographic subdivision Japan.
880 1# - ALTERNATE GRAPHIC REPRESENTATION
Linkage 100-01/$1
a 團藤重光,
d 1913-2012.
880 10 - ALTERNATE GRAPHIC REPRESENTATION
Linkage 245-02
a 少年法 /
c 團藤重光 ... [et al.]. .
880 ## - ALTERNATE GRAPHIC REPRESENTATION
Linkage 250-03/$1
a 初版.
880 ## - ALTERNATE GRAPHIC REPRESENTATION
Linkage 260-04
a 東京 :
b 有斐閣,
c 昭和 31 [1956]
880 0# - ALTERNATE GRAPHIC REPRESENTATION
Linkage 490-05
a ポケット註釋全書 ;
v 5

No items available.

Powered by Koha